<?xml version="1.0" encoding="UTF-8"?><?xml-stylesheet type="text/xsl" href="static/style.xsl"?><OAI-PMH xmlns="http://www.openarchives.org/OAI/2.0/" xmlns:xsi="http://www.w3.org/2001/XMLSchema-instance" xsi:schemaLocation="http://www.openarchives.org/OAI/2.0/ http://www.openarchives.org/OAI/2.0/OAI-PMH.xsd"><responseDate>2026-06-01T19:54:03Z</responseDate><request verb="GetRecord" identifier="oai:riuma.uma.es:10630/30807" metadataPrefix="marc">https://riuma.uma.es/rest/oai/request</request><GetRecord><record><header><identifier>oai:riuma.uma.es:10630/30807</identifier><datestamp>2026-02-03T10:49:42Z</datestamp><setSpec>com_10630_2254</setSpec><setSpec>col_10630_37953</setSpec></header><metadata><record xmlns="http://www.loc.gov/MARC21/slim" xmlns:dcterms="http://purl.org/dc/terms/" xmlns:doc="http://www.lyncode.com/xoai" xmlns:xsi="http://www.w3.org/2001/XMLSchema-instance" xsi:schemaLocation="http://www.loc.gov/MARC21/slim http://www.loc.gov/standards/marcxml/schema/MARC21slim.xsd">
   <leader>00925njm 22002777a 4500</leader>
   <datafield ind2=" " ind1=" " tag="042">
      <subfield code="a">dc</subfield>
   </datafield>
   <datafield ind2=" " ind1=" " tag="720">
      <subfield code="a">De la Vega, Rocío</subfield>
      <subfield code="e">author</subfield>
   </datafield>
   <datafield ind2=" " ind1=" " tag="720">
      <subfield code="a">Miró, Jordi</subfield>
      <subfield code="e">author</subfield>
   </datafield>
   <datafield ind2=" " ind1=" " tag="720">
      <subfield code="a">Lleixà-Daga, Meritxell</subfield>
      <subfield code="e">author</subfield>
   </datafield>
   <datafield ind2=" " ind1=" " tag="720">
      <subfield code="a">Llorens-Vernet, Pere</subfield>
      <subfield code="e">author</subfield>
   </datafield>
   <datafield ind2=" " ind1=" " tag="260">
      <subfield code="c">2022-09-23</subfield>
   </datafield>
   <datafield ind2=" " ind1=" " tag="520">
      <subfield code="a">Abstract: Treatment for individuals with fibromyalgia syndrome (FMS) is complex and is not always&#xd;
accessible to those who could benefit. The aim of this study was to conduct a preliminary evaluation&#xd;
of a mobile-app-delivered, cognitive behavioral treatment (CBT)-based intervention in helping adults&#xd;
self-manage fibromyalgia symptoms. A total of 100 adults with FMS (M [SD] age = 49.81, [9.99]&#xd;
years; 94% women) were given access to the digital treatment program and downloaded the app.&#xd;
Pain severity, anxiety symptoms, depression symptoms, fatigue, and sleep quality were assessed&#xd;
at pre-treatment, post-treatment, and 3-month follow-up. Fifty-three of the potential participants&#xd;
completed the 47-day treatment. Data showed significant improvements in pain severity (p = 0.007,&#xd;
d = 0.43), anxiety (p = 0.011, d = 0.40) and depressive symptoms (p = 0.001, d = 0.50) from pre-treatment&#xd;
to post-treatment. The effect sizes associated with app use are consistent with improvements seen&#xd;
in previously published clinical trials of CBT for FMS. Improvements were generally maintained,&#xd;
although there was some decrease in the outcomes from post-treatment to the 3-month followup.&#xd;
Most participants reported that they were very satisfied with the app. The use of the app&#xd;
was associated with similar levels of improvements found with in-person CBT treatment for FMS.&#xd;
Research to evaluate the effectiveness of the app in a controlled trial is warranted.</subfield>
   </datafield>
   <datafield ind1="8" ind2=" " tag="024">
      <subfield code="a">Miró, J.; Lleixà-Daga, M.; de la Vega, R.; Llorens-Vernet, P.; Jensen, M.P. A Mobile Application to Help Self-Manage Pain Severity, Anxiety, and Depressive Symptoms in Patients with Fibromyalgia Syndrome: A Pilot Study. Int. J. Environ. Res. Public Health 2022, 19, 12026.</subfield>
   </datafield>
   <datafield ind1="8" ind2=" " tag="024">
      <subfield code="a">https://hdl.handle.net/10630/30807</subfield>
   </datafield>
   <datafield ind1="8" ind2=" " tag="024">
      <subfield code="a">10.3390/ijerph191912026</subfield>
   </datafield>
   <datafield tag="653" ind2=" " ind1=" ">
      <subfield code="a">Fibromialgia</subfield>
   </datafield>
   <datafield tag="653" ind2=" " ind1=" ">
      <subfield code="a">Dolor - Aspectos psicológicos</subfield>
   </datafield>
   <datafield tag="653" ind2=" " ind1=" ">
      <subfield code="a">Depresión mental</subfield>
   </datafield>
   <datafield tag="653" ind2=" " ind1=" ">
      <subfield code="a">Salud mental</subfield>
   </datafield>
   <datafield tag="653" ind2=" " ind1=" ">
      <subfield code="a">Salud - Innovaciones tecnológicas</subfield>
   </datafield>
   <datafield ind2="0" ind1="0" tag="245">
      <subfield code="a">A Mobile Application to Help Self-Manage Pain Severity, Anxiety, and Depressive Symptoms in Patients with Fibromyalgia Syndrome: A Pilot Study.</subfield>
   </datafield>
</record>
</metadata></record></GetRecord></OAI-PMH>